Hands-on Microsoft SQL server 2008 integration services / (Record no. 50820)

MARC details
000 -LEADER
fixed length control field 01714nam a22003017a 4500
005 - DATE AND TIME OF LATEST TRANSACTION
control field 20110301102220.0
008 - FIXED-LENGTH DATA ELEMENTS--GENERAL INFORMATION
fixed length control field 110301t xxu||||| |||| 00| 0 eng d
010 ## - LCCN (DPL NO)
LC control number ENG-102055
020 ## - INTERNATIONAL STANDARD BOOK NUMBER
International Standard Book Number 9780071074193
Terms of availability 695.00
020 ## - INTERNATIONAL STANDARD BOOK NUMBER
International Standard Book Number 0071074198
Terms of availability 695.00
035 ## - SYSTEM CONTROL NUMBER
System control number EN-85588
037 ## - SOURCE OF ACQUISITION
Source of stock number/acquisition DBAD/PUB
040 ## - CATALOGING SOURCE
Original cataloging agency dpl
Language of cataloging Eng
082 00 - DEWEY DECIMAL CLASSIFICATION NUMBER
Classification number 005.7585
100 1# - MAIN ENTRY--PERSONAL NAME
Personal name Nanda, Ashwani
9 (RLIN) 26301
245 10 - TITLE STATEMENT
Title Hands-on Microsoft SQL server 2008 integration services /
Statement of responsibility, etc by Ashwani Nanda
250 ## - EDITION STATEMENT
Edition statement 2nd ed
260 ## - PUBLICATION, DISTRIBUTION, ETC. (IMPRINT)
Place of publication, distribution, etc New Delhi
Name of publisher, distributor, etc Tata McGraw-Hill
Date of publication, distribution, etc c2011
270 ## - ADDRESS
Address 7 West Patel Nagar
City New Delhi
Postal code 110008
300 ## - PHYSICAL DESCRIPTION
Extent xxii, 698 p. :
Other physical details ill.
Dimensions 24 cm (pbk)
500 ## - GENERAL NOTE
General note Includes index.
505 0# - FORMATTED CONTENTS NOTE
Formatted contents note Introducing SQL server integration services -- Getting started with wizards -- Nuts and bolts of the SSIS workflow -- Integration services control flow containers -- Integration services control flow tasks -- Administering integration services -- Securing integration services packages -- Advanced features of integration services -- Data flow components -- Data flow transformations -- Programming integration services -- Data warehousing and SQL server 2008 enhancements -- Deploying integration services packages -- Migrating to integration services 2008 -- Troubleshooting and performance enhancements.
630 00 - SUBJECT ADDED ENTRY--UNIFORM TITLE
Uniform title SQL server.
650 #0 - SUBJECT ADDED ENTRY--TOPICAL TERM
Topical term or geographic name as entry element Database management.
9 (RLIN) 26303
942 ## - ADDED ENTRY ELEMENTS (KOHA)
Source of classification or shelving scheme Dewey Decimal Classification
Item type English Books
Classification part 005.7585
Call number suffix NAN
Holdings
Withdrawn status Lost status Source of classification or shelving scheme Damaged status Not for loan Collection code Home library Current library Date acquired Source of acquisition Cost, normal purchase price Total Checkouts Full call number Barcode Date last seen Copy number Cost, replacement price Koha item type
    Dewey Decimal Classification   Not For Loan Non-fiction D.B.Act.Division D.B.Act.Division 01/03/2011 DBAD/PUB 695.00   005.7585 NAN EN-85588 01/03/2011 1 695.00 English Books

© Delhi Public Library
Hit Counter
free hit counter